000 00344nam a2200145Ia 4500
008 210210b2005 xxu||||| |||| 00| 0 eng d
082 _a780 HINH
100 _aHINDU.
245 _aHindu speaks on music. Ed.5.
250 _a
260 _aChennai
_bKasturi and Sons Limited
_c2005
300 _axvi,656
690 _aMusic
906 _a061059
999 _c107916
_d107916